000 00323nam a22001457a 4500
008 210308b ||||| |||| 00| 0 eng d
020 _a072166556
041 _aeng
080 _a616
_b616
082 _2616
100 _a9
101 _aPAT
245 _aOccuoational Lung Diseases
_cMorgan and Seaton
942 _2udc
_cBK
999 _c55914
_d55914